Maiores países que nunca ganharam medalhas olímpicas - Statistics

Estatísticas Gerais
  • Esse quiz foi jogado 26 vezes
  • A pontuação média é 11 de 20
Estatísticas das Respostas
Km² Países % Correto
2.344.858 RD Congo
92%
1.284.000 Chade
79%
1.240.192 Mali
75%
644.329 Sudão do Sul
75%
622.984 Rep. Centro-Africana
71%
1.247.000 Angola
67%
587.041 Madagascar
63%
1.025.520 Mauritânia
63%
143.998 Bangladesh
58%
637.657 Somália
58%
1.759.540 Líbia
54%
1.098.581 Bolívia
50%
236.800 Laos
50%
462.840 Papua Nova Guiné
50%
309.500 Omã
46%
527.968 Iêmen
42%
181.035 Camboja
38%
676.578 Myanmar
38%
147.181 Nepal
25%
245.857 Guiné
21%
Nenhum quiz correspondente encontrado
Distribuição das Pontuações
Porcentagem de Pessoas com Cada Pontuação
Percentil de Números Respondidos
Sua Pontuação Histórica
Você não jogou esse quiz